| 000 | 00716nam a22002297a 4500 | ||
|---|---|---|---|
| 003 | 0 | ||
| 005 | 20241122102346.0 | ||
| 008 | 241122b xxu||||| |||| 00| 0 eng d | ||
| 020 | _a9781265126001 | ||
| 050 |
_aQR 46 _b.L48 2024 |
||
| 245 |
_aLevinson's review of medical microbiology & immunology : _ba guide to clinical infectious diseases / _cPeter Chin-Hong and 6 others. |
||
| 250 | _a18th ed. | ||
| 260 |
_aNew York : _bMcGraw Hill LLC, _c2024. |
||
| 300 |
_aix, 843 p. : _bcol. ill. ; _c28 cm. |
||
| 500 | _aa Lange medical book | ||
| 504 | _aIncludes index. | ||
| 650 | _aMedical microbiology. | ||
| 650 | _aClinical immunology. | ||
| 650 | _aMicrobiology. | ||
| 650 | _aImmunology. | ||
| 942 |
_2lcc _cBK |
||
| 999 |
_c366787 _d366787 |
||